Detalles MARC
| 000 -CABECERA |
| campo de control de longitud fija |
01116nam a22002657a 4500 |
| 003 - IDENTIFICADOR DEL NÚMERO DE CONTROL |
| campo de control |
BPGM |
| 008 - DATOS DE LONGITUD FIJA--INFORMACIÓN GENERAL |
| campo de control de longitud fija |
260618e2013 mx ||||g |||| 001 j spa d |
| 040 ## - FUENTE DE LA CATALOGACIÓN |
| Lengua de catalogación |
spa |
| 041 ## - CÓDIGO DE LENGUA |
| Código de lengua del texto/banda sonora o título independiente |
spa |
| Código de lengua original |
spa |
| 082 04 - NÚMERO DE LA CLASIFICACIÓN DECIMAL DEWEY |
| Número de edición |
863M |
| Número de clasificación |
G37375 /C78 |
| 100 ## - ENTRADA PRINCIPAL--NOMBRE DE PERSONA |
| Nombre de persona |
GARCÌA OLIV, TARSICIO |
| Término indicativo de función/relación |
AUTOR |
| 245 ## - MENCIÓN DE TÍTULO |
| Título |
C(R)UENTOS MAG(R)OS |
| 250 ## - MENCIÓN DE EDICIÓN |
| Mención de edición |
PRIMERA EDICION |
| Resto de la mención de edición |
2013 |
| 260 ## - PUBLICACIÓN, DISTRIBUCIÓN, ETC. |
| Lugar de publicación, distribución, etc. |
MÈXICO |
| Nombre del editor, distribuidor, etc. |
GOBIERNO DEL ESTADO DE QUERÈTARO |
| Fecha de publicación, distribución, etc. |
2013 |
| 300 ## - DESCRIPCIÓN FÍSICA |
| Extensión |
73 paginas |
| Dimensiones |
13 cm x 19.5 cm |
| 336 ## - TIPO DE CONTENIDO |
| Fuente |
rdacontent |
| Término de tipo de contenido |
texto |
| Código de tipo de contenido |
txt |
| 337 ## - TIPO DE MEDIO |
| Fuente |
rdamedia |
| Nombre/término del tipo de medio |
sin mediación |
| Código del tipo de medio |
n |
| 338 ## - TIPO DE SOPORTE |
| Fuente |
rdacarrier |
| Nombre/término del tipo de soporte |
volumen |
| Código del tipo de soporte |
nc |
| 490 0# - MENCIÓN DE SERIE |
| Mención de serie |
LETRAS DE QUERETARO |
| 505 ## - NOTA DE CONTENIDO CON FORMATO |
| Nota de contenido con formato |
es una recopilación de relatos breves que exploran la vida cotidiana mexicana con un tono realista y, a la vez, cargado de elementos simbólicos y espirituales. Los cuentos muestran personajes humildes enfrentando situaciones de fe, esperanza y milagro, donde lo extraordinario irrumpe en lo común para dar lecciones morales y emocionales. |
| 650 ## - PUNTO DE ACCESO ADICIONAL DE MATERIA--TÉRMINO DE MATERIA |
| Fuente del encabezamiento o término |
LITERATURA Y RETÓRICA |
| 650 ## - PUNTO DE ACCESO ADICIONAL DE MATERIA--TÉRMINO DE MATERIA |
| Fuente del encabezamiento o término |
LITERATURAS ESPAÑOLA Y PORTUGUESA |
| 650 ## - PUNTO DE ACCESO ADICIONAL DE MATERIA--TÉRMINO DE MATERIA |
| Fuente del encabezamiento o término |
NOVELÍSTICA ESPAÑOLA |
| 942 ## - ELEMENTOS DE PUNTO DE ACCESO ADICIONAL (KOHA) |
| Fuente del sistema de clasificación o colocación |
Dewey Decimal Classification |
| Tipo de ítem Koha |
Colección Querétaro |